<?xml version="1.0" encoding="utf-8"?>
<?xml-stylesheet type='text/xsl' href='./oai2.xsl'?>
<OAI-PMH xmlns="http://www.openarchives.org/OAI/2.0/" xmlns:xsi="http://www.w3.org/2001/XMLSchema-instance" xsi:schemaLocation="http://www.openarchives.org/OAI/2.0/ http://www.openarchives.org/OAI/2.0/OAI-PMH.xsd">
  <responseDate>2026-06-04T08:23:32Z</responseDate>
  <request verb="GetRecord" metadataPrefix="marcxml" identifier="record_kuniweb_22065">https://kulturerbe.niedersachsen.de/oai</request>
  <GetRecord>
    <record>
      <header>
        <identifier>record_kuniweb_22065</identifier>
        <datestamp>2015-06-19T12:07:43Z</datestamp>
        <setSpec>slg0103</setSpec>
      </header>
      <metadata>
        <marc:record xmlns:marc="http://www.loc.gov/MARC21/slim" xsi:schemaLocation="http://www.loc.gov/MARC21/slim http://www.loc.gov/standards/marcxml/schema/MARC21slim.xsd">
          <marc:leader>12345nem  22     uu 4500</marc:leader>
          <marc:controlfield tag="001">22065</marc:controlfield>
          <marc:controlfield tag="003">http://kuniweb.gbv.de</marc:controlfield>
          <marc:controlfield tag="005">2015-05-11T17:57:19</marc:controlfield>
          <marc:controlfield tag="008">|           ||||||||||||||||||||||</marc:controlfield>
          <marc:datafield tag="245" ind1="1" ind2="0">
            <marc:subfield code="a">Plan. Von der Retraite der Französischen Armee, durch die Defilees bey Oberscheden zwischen Dransfeld und Münden und der von des Erbprinzen von Braunschweig Durchl(aucht) am 10. Aug(ust) 1759 auf ihre Arrier Garde (Nachhut) gemachte Attaque.</marc:subfield>
          </marc:datafield>
          <marc:datafield tag="700" ind1="1" ind2=" ">
            <marc:subfield code="a">Raspe</marc:subfield>
            <marc:subfield code="d">* 1712 † 1785</marc:subfield>
            <marc:subfield code="e">Herausgeber</marc:subfield>
          </marc:datafield>
          <marc:datafield tag="655" ind1=" " ind2="7">
            <marc:subfield code="a">Karten</marc:subfield>
          </marc:datafield>
          <marc:datafield tag="046" ind1=" " ind2=" ">
            <marc:subfield code="k">1759</marc:subfield>
            <marc:subfield code="k">zwischen dem dargestellten Ereignis 1759 und der Veröffentlichung 1762</marc:subfield>
            <marc:subfield code="l">1762</marc:subfield>
          </marc:datafield>
          <marc:datafield tag="260" ind1=" " ind2=" ">
            <marc:subfield code="g">1759</marc:subfield>
            <marc:subfield code="g">1762</marc:subfield>
            <marc:subfield code="g">zwischen dem dargestellten Ereignis 1759 und der Veröffentlichung 1762</marc:subfield>
          </marc:datafield>
          <marc:datafield tag="300" ind1=" " ind2=" ">
            <marc:subfield code="a">Höhe: 22,5 cm
Breite: 37 cm</marc:subfield>
          </marc:datafield>
          <marc:datafield tag="520" ind1=" " ind2=" ">
            <marc:subfield code="a">Maßstab: ohne
Ausrichtung: Norden
Rückseite: leer

Anmerkungen: 
Das Blatt illlustriert die Vertreibung der französischen Armee aus Niedersachsen neun Tage nach der Schlacht von Minden (vgl. Kriegskarte 09). Die Aktion vor Münden wurde vom  24-jährigen braunschweigischen Erbprinzen Karl Wilhelm Ferdinand geführt. – Kriegskarten 05 bis 13 betreffen den Siebenjährigen Krieg.

Literatur in Zusammenhang:
Joachim Jünemann: Dransfeld als Garnison und Etappe, in Göttinger Jahrbuch 1979 (97 bis 139), S. 112 ff.

Veröffentlicht in:
“in zwanzig illuminirten Blaettern vom Jahre 1759. Schauplatz des gegenwärtigen Kriegs. Schau Platz des gegenwaertigen Kriegs / Durch accurate Plans von den wichtigsten Bataillen u. Belagerungen ; Dritter Theil”. Raspische Buchhandlung, Nürnberg, 1762. (als Plan Nr. 49)</marc:subfield>
          </marc:datafield>
          <marc:datafield tag="650" ind1="1" ind2=" ">
            <marc:subfield code="a">Siebenjähriger Krieg</marc:subfield>
          </marc:datafield>
          <marc:datafield tag="650" ind1="1" ind2=" ">
            <marc:subfield code="a">Landkarte</marc:subfield>
          </marc:datafield>
          <marc:datafield tag="773" ind1="0" ind2=" ">
            <marc:subfield code="t">Sammlung Körber-Einbeck</marc:subfield>
          </marc:datafield>
          <marc:datafield tag="852" ind1=" " ind2=" ">
            <marc:subfield code="a">Institut für Historische Landesforschung der Universität Göttingen</marc:subfield>
          </marc:datafield>
          <marc:datafield tag="" ind1=" " ind2=" ">
            <marc:subfield code="a">Namensnennung-Nicht kommerziell 4.0 International (CC BY-NC 4.0))</marc:subfield>
          </marc:datafield>
        </marc:record>
      </metadata>
    </record>
  </GetRecord>
</OAI-PMH>
